7 Letter US State Capitals - Statistics

General Stats
  • This quiz has been taken 59 times
  • The average score is 10 of 12
Answer Stats
Answer % Correct
Atlanta
91%
Phoenix
89%
Concord
83%
Lincoln
83%
Olympia
81%
Santa Fe
81%
Jackson
79%
Raleigh
79%
Augusta
77%
Madison
74%
Lansing
70%
Trenton
66%
No matching quizzes found
Score Distribution
Percent of People with Each Score
Percentile by Number Answered
Your Score History
You have not taken this quiz